| 000 | 00890cam a22002531 4500 | ||
|---|---|---|---|
| 001 | af 47003651 | ||
| 003 | DLC | ||
| 005 | 20260227110821.0 | ||
| 008 | 780809s1945 it ah b 000 0 ita c | ||
| 010 | _aaf 47003651 | ||
| 035 | _a(OCoLC)4123094 | ||
| 040 |
_aYale Univ. Library _cKyLoU _dDLC |
||
| 042 | _apremarc | ||
| 050 | 0 | 0 |
_aPQ4277 _b.G7 1945 |
| 100 | 1 |
_aGrabher, Carlo, _d1897- |
|
| 245 | 0 | 0 |
_aBoccaccio. _cCon figure nel testo e tre tavole fuori testo. |
| 260 |
_a[Torino] _bUnione tipografico-editrice torinese, _c1945. |
||
| 300 |
_a3 p. l., 9-233, [1] p. _billus. (incl. facsims.) III pl. (incl. port.) _c22 cm. |
||
| 490 | 1 |
_aI Grandi Italiani, collana di biografie. _vv. 8 |
|
| 500 | _aFirst published under title: Giovanni Boccaccio. | ||
| 504 | _a"Nota bibiografica [!]": p. 229-231. | ||
| 600 | 1 | 0 |
_aBoccaccio, Giovanni, _d1313-1375. |
| 830 | 0 |
_aGrandi italiani ; _vv. 8. |
|
| 999 |
_c2281 _d2281 |
||